Co przychodzi co roku? - Statystyki

Ogólne statystyki
  • Ten quiz został rozwiązany 43 razy
  • Średni wynik to 3 z 9
Statystyki odpowiedzi
Ilość Odpowiedzi % Poprawnych
4. Jesień | Zima | Wiosna | Lato
85%
9. Święta
69%
5. Urodziny
46%
2. Mikołaj
38%
6. Wakacje
36%
7. Ferie
21%
3. Ksiądz
15%
1. Miesiąc
15%
8. Podwyżka
0%
Nie znaleziono quizów pasujących do podanych kryteriów
Rozkład punktacji
Procent ludzi z każdym wynikiem
Percentyl według liczby udzielonych odpowiedzi
Twoja historia wyników
Nie rozwiązałeś tego quizu